Towards direct democracy: the legal empowerment of Gram Sabha (Record no. 42614)

000 -LEADER
fixed length control field 00913pab a2200169 454500
008 - FIXED-LENGTH DATA ELEMENTS--GENERAL INFORMATION
fixed length control field 180718b1999 xxu||||| |||| 00| 0 eng d
100 ## - MAIN ENTRY--PERSONAL NAME
Personal name Mander, Harsh
245 ## - TITLE STATEMENT
Title Towards direct democracy: the legal empowerment of Gram Sabha
260 ## - PUBLICATION, DISTRIBUTION, ETC.
Date of publication, distribution, etc. 1999
300 ## - PHYSICAL DESCRIPTION
Extent p.2-13
362 ## - DATES OF PUBLICATION AND/OR SEQUENTIAL DESIGNATION
Dates of publication and/or sequential designation Oct
520 ## - SUMMARY, ETC.
Summary, etc. The 73rd Constitutional Aamendment in 1993 for the first time created a statutory imperative for the establishment of legally empowered Gram Sabhas in India. Most state legislatures accordingly provided for the establishment of Gram Sabhas, but the statutes remained vague and half hearted about procedures and powers, and in the absence of political mobilisation and awareness about the potential of Gram Sabhas, they have for the most part remained dysfunctional and unempowered instructions. - Reproduced
650 ## - SUBJECT ADDED ENTRY--TOPICAL TERM
Topical term or geographic name entry element Rural development
650 ## - SUBJECT ADDED ENTRY--TOPICAL TERM
Topical term or geographic name entry element Panchayat
773 ## - HOST ITEM ENTRY
Main entry heading Kurukshetra
909 ## -
-- 42614
Holdings
Withdrawn status Lost status Damaged status Not for loan Permanent Location Current Location Date acquired Serial Enumeration / chronology Barcode Date last seen Price effective from Koha item type
        Indian Institute of Public Administration Indian Institute of Public Administration 2018-07-19 Volume no: 48, Issue no: 1 AR42999 2018-07-19 2018-07-19 Articles

Powered by Koha